LEADER 01110cam0 22002773 450 001 SON0003481 005 20220524125841.0 010 $a88-243-0884-8 100 $a20010108d1991 |||||ita|0103 ba 101 $aita 102 $aIT 200 1 $aLineamenti del nuovo processo penale$e, la cosa giudicata, la esecuzione, rapporti giurisdizionali con le autorita straniere$fNicola Carulli ... [et ali.]$gappendice di aggiornamento a cura di Alfonso Furgiuele 210 $aNapoli$cJovene$d1991 215 $aXIII, 316 p.$d24 cm. 702 1$aCARULLI, Nicola$3AF00019369$4070 801 0$aIT$bUNISOB$c20220524$gRICA 850 $aUNISOB 852 $aUNISOB$j340$m74823 852 $aUNISOB$j340$m74999 912 $aSON0003481 940 $aM 102 Monografia moderna SBN 941 $aM 957 $a340$b000650$gSI$d74823$rACQUISTO$p40.000$1rovito$2UNISOB$3UNISOB$420220524125808.0$520220524125819.0$6rovito 957 $a340$b000654$gSI$d74999$rACQUISTO$p40.000$1rovito$2UNISOB$3UNISOB$420220524125824.0$520220524125837.0$6rovito 996 $aLineamenti del nuovo processo penale$9574612 997 $aUNISOB LEADER 01358nam0 22002651i 450 001 UON00434634 005 20231205104922.855 100 $a20131218d1957 |0itac50 ba 101 $ager 102 $aDE 105 $a|||| 1|||| 200 1 $aˆDas ‰Ringen der Volkshochschulen um die Verwirklichung ihrer Aufgaben in der Gegenwart dargestellt am Modell der VHS Wetzlar-Land$fvorgelegt von Kurt Stuckenschmidt 205 $aFrankfurt am Main : Johann Wolfgang Goethe-Universität$b1957 210 $a137 p.$a21 cm 215 $aSul front.: Inaugural-Dissertation zur Erlangung des Doktorgrades der Philosophischen Fakultät der Johann Wolfgang Goethe-Universität zu Frankfurt am Main. 606 $aEDUCAZIONE$xGermania$3UONC084067$2FI 620 $aDE$dFrankfurt am Main$3UONL003175 676 $a344.07$cEducazione e scuole$v20 700 1$aSTUCKENSCHMIDT$bKurt$3UONV219632$0712089 801 $aIT$bSOL$c20240220$gRICA 899 $aSIBA - SISTEMA BIBLIOTECARIO DI ATENEO$2UONSI 912 $aUON00434634 950 $aSIBA - SISTEMA BIBLIOTECARIO DI ATENEO$dSI TED 0 STU 01 $eSI ST 6222 5 01 $sBuono 996 $aRingen der Volkshochschulen um die Verwirklichung ihrer Aufgaben in der Gegenwart dargestellt am Modell der VHS Wetzlar-Land$91327635 997 $aUNIOR